000 00291nam a2200121Ia 4500
008 190216s9999||||xx |||||||||||||| ||und||
100 _aShyamsundar Gosh
245 0 _aHindi-Bachan Ek Abhinav Moolyakan
260 _bYara Publication
_c2008
300 _a192
650 _aHindi
942 _cBK
999 _c16824
_d16824